| 000 | 00499nam a22001697a 4500 | ||
|---|---|---|---|
| 005 | 20250318074939.0 | ||
| 008 | 250318b |||||||| |||| 00| 0 eng d | ||
| 020 | _a02582503 | ||
| 041 | _aEnglish | ||
| 082 | _a349 SOU | ||
| 100 |
_aGlover G _cBA LLB PhD (Rhodes) _lEnglish |
||
| 245 | _aThe South African Law Journal | ||
| 260 |
_aCape Town: _bJuta and Company Ltd, _c2025 |
||
| 300 |
_b205 pages; _c26 cm. |
||
| 650 |
_aLegal practice _bLaw |
||
| 942 |
_cBK _6ALISON_BN_VRIES |
||
| 999 |
_c3297 _d3297 |
||